عرض عادي
عرض مارك
- Microbiology
مدخل مصطلح موضوعي
001 - رقم الضبط
- حقل الضبط: 6608
003 - معرف رقم الضبط
- حقل الضبط: OSt
005 - تاريخ ووقت أخر عملية
- حقل الضبط: 20111130132002.0
008 - عناصر بيانات ثابتة الطول
- حقل تحكم ثابت الطول: 111130|||a|||||| | ||| d
040 ## - مصدر الفهرسة
- هيئة الفهرسة الأصلية: OSt
- وكالة الكتابة: OSt
150 ## - مدخل-- مصطلح تاريخي
- عنصر مدخل المصطلح الموضوعي او الاسم الجغرافي: Microbiology
- تفريع شكلي: Problems and Exercises.
670 ## - بيانات المصدر موجوده
- الاستشهاد بالمصدر: Work cat.: (OSt)20039: Case files. Microbiology /, 2008.
